Equipe de France de football (Euro 2012,Coupe du monde 2014,Euro 2016) - Statistiques

Statistiques générales
  • Ce quiz a été pris 4 846 fois
  • Le résultat moyen est 26 sur 47
Statistiques - réponses
Poste Joueur Compétition(s) jouée(s) % Correct
Gardien Hugo Lloris Euro 2012 ; CdM 2014 ; Euro 2016
99%
Gardien Steve Mandanda Euro 2012 ; Euro 2016
96%
Défenseur Raphaël Varane CdM 2014
87%
Milieu Paul Pogba CdM 2014 ; Euro 2016
86%
Attaquant Antoine Griezmann CdM 2014 ; Euro 2016
85%
Attaquant Karim Benzema Euro 2012 ; CdM 2014
85%
Attaquant Olivier Giroud Euro 2012 ; CdM 2014 ; Euro 2016
85%
Sélectionneur Didier Deschamps CdM 2014 ; Euro 2016
77%
Milieu Blaise Matuidi Euro 2012 ; CdM 2014 ; Euro 2016
74%
Milieu N'Golo Kanté Euro 2016
74%
Défenseur Patrice Evra Euro 2012 ; CdM 2014 ; Euro 2016
72%
Défenseur Laurent Koscielny Euro 2012 ; CdM 2014 ; Euro 2016
68%
Défenseur Samuel Umtiti Euro 2016
68%
Défenseur Bacary Sagna CdM 2014 ; Euro 2016
67%
Gardien Benoît Costil Euro 2016
67%
Gardien Stéphane Ruffier CdM 2014
67%
Sélectionneur Laurent Blanc Euro 2012
66%
Attaquant André-Pierre Gignac Euro 2016
64%
Défenseur Adil Rami Euro 2012 ; Euro 2016
63%
Attaquant Dimitri Payet Euro 2016
62%
Attaquant Franck Ribéry Euro 2012
60%
Milieu Mathieu Valbuena Euro 2012 ; CdM 2014
59%
Milieu Yohan Cabaye Euro 2012 ; CdM 2014 ; Euro 2016
59%
Milieu Moussa Sissoko CdM 2014 ; Euro 2016
58%
Attaquant Kingsley Coman Euro 2016
54%
Milieu Samir Nasri Euro 2012
54%
Gardien Mickaël Landreau CdM 2014
53%
Défenseur Mamadou Sakho CdM 2014
49%
Défenseur Mathieu Debuchy Euro 2012 ; CdM 2014
47%
Défenseur Lucas Digne CdM 2014 ; Euro 2016
45%
Attaquant Anthony Martial Euro 2016
42%
Défenseur Philippe Mexès Euro 2012
41%
Défenseur Christophe Jallet Euro 2016
38%
Attaquant Hatem Ben Arfa Euro 2012
38%
Milieu Morgan Schneiderlin CdM 2014 ; Euro 2016
34%
Gardien Cédric Carrasso Euro 2012
33%
Défenseur Gaël Clichy Euro 2012
33%
Défenseur Eliaquim Mangala CdM 2014 ; Euro 2016
32%
Attaquant Jérémy Ménez Euro 2012
32%
Milieu Alou Diarra Euro 2012
30%
Attaquant Loïc Rémy CdM 2014
28%
Milieu Rémy Cabella CdM 2014
28%
Milieu Florent Malouda Euro 2012
24%
Milieu Rio Mavuba CdM 2014
24%
Défenseur Anthony Réveillère Euro 2012
17%
Milieu Yann M'Vila Euro 2012
16%
Milieu Marvin Martin Euro 2012
15%
Aucun quiz correspondant
Distribution des résultats
% des personnes avec chaque résultat
Percentile par nombre de réponses
Votre historique - résultats
Vous n’avez pas pris ce quiz